[Event "Thessaloniki/Chalkidiki-chT"]
[Site "Thessaloniki/Chalkidiki"]
[Date "2019.01.27"]
[Round "3.2"]
[White "Porfiriadis, Sotirios"]
[Black "Zalahoras, Nikolaos"]
[Result "1-0"]
[WhiteElo "2220"]
[BlackElo "2086"]
[PlyCount "87"]
[EventDate "2019.01.13"]
[EventType "team-tourn"]
[EventRounds "9"]
[EventCountry "GRE"]
[SourceTitle "EXT 2020"]
[Source "ChessBase"]
[SourceDate "2019.10.17"]
[SourceVersion "1"]
[SourceVersionDate "2019.10.17"]
[SourceQuality "1"]
[WhiteTeam "Thessaloniki Aris"]
[BlackTeam "Thessaloniki SO Sach"]
[WhiteTeamCountry "GRE"]
[BlackTeamCountry "GRE"]

1. d4 Nf6 2. c4 g6 3. Nc3 d5 4. Nf3 Bg7 5. Qb3 dxc4 6. Qxc4 0-0 7. e4 c6 8. Qb3 a5 9. e5 Nd5 10. Be2 Na6 11. a3 Nac7 12. 0-0 Rb8 13. Bd2 h6 14. Ne4 Ne6 15. Rfe1 Ra8 16. g3 Qb6 17. Qd3 Rd8 18. Rac1 Ndc7 19. Be3 Nd5 20. Bd2 Ndc7 21. Be3 Nd5 22. h4 Nxe3 23. fxe3 Nc7 24. h5 gxh5 25. Nh4 Bg4 26. Bxg4 hxg4 27. Nf5 Nd5 28. Qe2 c5 29. Qxg4 Qg6 30. Qxg6 fxg6 31. Nxg7 Kxg7 32. Nxc5 Rdb8 33. e4 Nb6 34. Ne6+ Kf7 35. Nc7 Ra7 36. Rf1+ Kg8 37. Nb5 Ra6 38. Nc7 Ra7 39. Nb5 Ra6 40. Rc7 Nc8 41. d5 a4 42. Rd7 Rb6 43. Rd8+ Kg7 44. Nd4 1-0

[Event "EU-Cup 13th Group6"]
[Site "Heraklion"]
[Date "1997.10.10"]
[Round "1"]
[White "Porfiriadis, Sotirios"]
[Black "Biro, Karol"]
[Result "1-0"]
[WhiteElo "2340"]
[BlackElo "2240"]
[PlyCount "101"]
[EventDate "1997.10.10"]
[EventType "team-k.o."]
[EventRounds "3"]
[EventCountry "GRE"]
[SourceTitle "EXT 2020"]
[Source "ChessBase"]
[SourceDate "2019.10.17"]
[SourceVersion "1"]
[SourceVersionDate "2019.10.17"]
[SourceQuality "1"]
[WhiteTeam "Heraklion"]
[BlackTeam "Bratislava Dunaj"]
[WhiteTeamCountry "GRE"]
[BlackTeamCountry "SVK"]

1. d4 Nf6 2. c4 c5 3. d5 d6 4. Nc3 g6 5. e4 Bg7 6. f3 0-0 7. Bg5 h6 8. Be3 a6 9. Qd2 Kh7 10. a4 Qa5 11. Nge2 Nbd7 12. Nd1 Qxd2+ 13. Bxd2 Ne8 14. Nec3 Rb8 15. Ra2 Nc7 16. Ne3 e6 17. Be2 b6 18. 0-0 e5 19. g4 Bf6 20. Ng2 Bg5 21. Be3 Kg7 22. h4 Bxe3+ 23. Nxe3 Nf6 24. Kg2 Bd7 25. Rb1 a5 26. Nb5 Nce8 27. b3 Rb7 28. Bd3 h5 29. Kg3 Rh8 30. Rf2 g5 31. Rh1 hxg4 32. fxg4 gxh4+ 33. Rxh4 Rxh4 34. Kxh4 Ng8 35. Be2 f6 36. Rg2 Kf8 37. Kg3 Bc8 38. Rh2 Rg7 39. Kf2 Ne7 40. Nf5 Nxf5 41. gxf5 Bd7 42. Nc3 Nc7 43. Rh6 Ke7 44. Bh5 Be8 45. Bg6 Bf7 46. Ne2 Ne8 47. Ng3 Rg8 48. Nh5 Kf8 49. Kf3 Bxg6 50. fxg6 Ke7 51. Kg4 1-0

[Event "GRE-chT"]
[Site "Athens"]
[Date "1997.??.??"]
[Round "2"]
[White "Porfiriadis, Sotirios"]
[Black "Eftimakis, Dimitros"]
[Result "1-0"]
[WhiteElo "2315"]
[BlackElo "2120"]
[PlyCount "67"]
[EventDate "1997.??.??"]
[EventType "team-swiss"]
[EventRounds "9"]
[EventCountry "GRE"]
[SourceTitle "EXT 2002"]
[Source "ChessBase"]
[SourceDate "2001.11.25"]
[SourceVersion "1"]
[SourceVersionDate "2001.11.25"]
[SourceQuality "1"]

1. d4 d5 2. c4 c6 3. Nf3 e6 4. Nbd2 f5 5. g3 Nf6 6. Bg2 Bd6 7. 0-0 0-0 8. b3 Qe7 9. Ne5 b6 10. Ndf3 Ne4 11. Nd3 a5 12. Nfe5 Bb7 13. f3 Nf6 14. Bb2 Nbd7 15. Nxd7 Nxd7 16. e4 fxe4 17. fxe4 Rxf1+ 18. Qxf1 Rf8 19. Qe2 Rf7 20. Re1 Nf8 21. Qg4 dxc4 22. bxc4 Ba6 23. Rc1 Ba3 24. Qe2 Nd7 25. e5 Bxb2 26. Qxb2 Qg5 27. Qe2 Nb8 28. Nf4 Bc8 29. Qe3 Qd8 30. d5 Re7 31. Rb1 Nd7 32. dxe6 Nc5 33. Bxc6 Qc7 34. Nd5 1-0

[Event "GRE-ch95"]
[Site "Greece"]
[Date "1996.??.??"]
[Round "4"]
[White "Porfiriadis, Sotirios"]
[Black "Karanikolas, Konstantinos"]
[Result "1/2-1/2"]
[WhiteElo "2320"]
[BlackElo "2300"]
[PlyCount "89"]
[EventDate "1996.??.??"]
[EventType "tourn"]
[EventRounds "9"]
[EventCountry "GRE"]
[EventCategory "5"]
[SourceTitle "CBM 051 Extra"]
[Source "ChessBase"]
[SourceDate "1996.05.01"]
[SourceVersion "1"]
[SourceVersionDate "1996.05.01"]
[SourceQuality "1"]

1. d4 d5 2. c4 e6 3. Nc3 Be7 4. Nf3 Nf6 5. Bf4 c6 6. e3 0-0 7. h3 Nbd7 8. a3 a6 9. c5 Ne4 10. Bd3 f5 11. g4 b6 12. gxf5 exf5 13. cxb6 Qxb6 14. Qc2 Bd6 15. Bxe4 fxe4 16. Bxd6 Rxf3 17. 0-0-0 Nf6 18. Rdg1 a5 19. Rh2 Bxh3 20. Rgh1 Bf5 21. Rg2 h5 22. Ne2 Qb5 23. a4 Qa6 24. b3 Ng4 25. Nf4 h4 26. Kb2 Kf7 27. Nh3 Kg8 28. Ng5 h3 29. Rxh3 Nxe3 30. fxe3 Bxh3 31. Rh2 Rd8 32. Nxf3 Rxd6 33. Rxh3 exf3 34. Qh7+ Kf7 35. Rxf3+ Rf6 36. Qh5+ Ke7 37. Qe5+ Kd7 38. Rxf6 gxf6 39. Qxf6 Qe2+ 40. Ka3 Qxe3 41. Qf7+ Kd6 42. Qf6+ Kc7 43. Qf7+ Kb6 44. Qf6 Qc1+ 45. Ka2 1/2-1/2

[Event "GRE-chT"]
[Site "Athens"]
[Date "1996.??.??"]
[Round "5"]
[White "Porfiriadis, Sotirios"]
[Black "Metaxas, Petros"]
[Result "1-0"]
[WhiteElo "2315"]
[BlackElo "2205"]
[PlyCount "55"]
[EventDate "1996.??.??"]
[EventType "team"]
[EventRounds "9"]
[EventCountry "GRE"]
[SourceTitle "CBM 055 Extra"]
[Source "ChessBase"]
[SourceDate "1997.01.01"]
[SourceVersion "1"]
[SourceVersionDate "1997.01.01"]
[SourceQuality "1"]

1. d4 Nf6 2. c4 e6 3. Nf3 b6 4. e3 Bb7 5. Bd3 c5 6. 0-0 Be7 7. Nbd2 d6 8. b3 Nc6 9. Bb2 0-0 10. Rc1 Qd7 11. Qe2 Rfe8 12. Rfd1 Qc7 13. Nf1 Bd8 14. Ng3 e5 15. dxe5 dxe5 16. Bb1 Be7 17. Qc2 Bf8 18. Nh5 e4 19. Bxf6 g6 20. Bb2 gxh5 21. Qc3 Ne5 22. Nxe5 Bg7 23. Rd7 Qxd7 24. Nxd7 Bxc3 25. Bxc3 Re7 26. Nf6+ Kf8 27. Nxh7+ Ke8 28. Nf6+ 1-0

[Event "Heraklion schev"]
[Site "Heraklion"]
[Date "1994.??.??"]
[Round "6"]
[White "Georgiev, Krum"]
[Black "Porfiriadis, Sotirios"]
[Result "1-0"]
[WhiteElo "2465"]
[BlackElo "2325"]
[PlyCount "67"]
[EventDate "1994.??.??"]
[EventType "schev"]
[EventRounds "10"]
[EventCountry "GRE"]
[SourceTitle "EXT 1997"]
[Source "ChessBase"]
[SourceDate "1996.11.15"]
[SourceVersion "1"]
[SourceVersionDate "1996.11.15"]
[SourceQuality "1"]

1. e4 e6 2. d3 d5 3. Nd2 Nf6 4. Ngf3 Nc6 5. c3 a5 6. e5 Nd7 7. d4 f6 8. Bb5 fxe5 9. dxe5 Be7 10. 0-0 0-0 11. Re1 Nc5 12. Nd4 Bd7 13. Bf1 Qe8 14. N2f3 Qh5 15. Nxc6 Bxc6 16. Nd4 Qf7 17. Be3 Bd7 18. Be2 Na4 19. Qb3 Nb6 20. a4 Bc5 21. Kh1 Qe7 22. Bd3 Rf7 23. Qc2 g6 24. b3 Be8 25. Qd2 Nd7 26. Bf4 Nf8 27. Nf3 Bxf2 28. Rf1 Bb6 29. Bh6 d4 30. cxd4 Qb4 31. Qe3 c5 32. Ng5 cxd4 33. Qh3 Rxf1+ 34. Rxf1 1-0

[Event "Heraklion schev"]
[Site "Heraklion"]
[Date "1994.??.??"]
[Round "8"]
[White "Inkiov, Ventzislav"]
[Black "Porfiriadis, Sotirios"]
[Result "1-0"]
[WhiteElo "2475"]
[BlackElo "2325"]
[PlyCount "89"]
[EventDate "1994.??.??"]
[EventType "schev"]
[EventRounds "10"]
[EventCountry "GRE"]
[SourceTitle "EXT 1997"]
[Source "ChessBase"]
[SourceDate "1996.11.15"]
[SourceVersion "1"]
[SourceVersionDate "1996.11.15"]
[SourceQuality "1"]

1. d4 f5 2. Nf3 Nf6 3. g3 g6 4. Bg2 Bg7 5. 0-0 0-0 6. b3 d6 7. Bb2 Ng4 8. Nbd2 Nc6 9. Nc4 Qe8 10. d5 Bxb2 11. Nxb2 Nd8 12. Nd4 g5 13. e3 Qg6 14. Nd3 Qg7 15. c4 Nf7 16. h3 Nf6 17. c5 f4 18. cxd6 cxd6 19. Ne6 Bxe6 20. dxe6 Ne5 21. exf4 Nxd3 22. fxg5 Nxf2 23. gxf6 Nxd1 24. fxg7 Rxf1+ 25. Bxf1 Ne3 26. Re1 Nf5 27. Bg2 Kxg7 28. g4 Nd4 29. Bxb7 Rb8 30. Bd5 Rb5 31. Bc4 Ra5 32. Rf1 Rxa2 33. Rf7+ Kg8 34. Rxe7 Nf3+ 35. Kf1 Nh2+ 36. Ke1 Nf3+ 37. Kd1 d5 38. Re8+ Kg7 39. e7 Kf7 40. Rd8 Rd2+ 41. Kc1 Kxe7 42. Rxd5 Rxd5 43. Bxd5 Ng1 44. h4 h6 45. Kd2 1-0

[Event "Heraklion schev"]
[Site "Heraklion"]
[Date "1994.??.??"]
[Round "5"]
[White "Porfiriadis, Sotirios"]
[Black "Rajkovic, Dusan"]
[Result "1/2-1/2"]
[WhiteElo "2325"]
[BlackElo "2505"]
[PlyCount "80"]
[EventDate "1994.??.??"]
[EventType "schev"]
[EventRounds "10"]
[EventCountry "GRE"]
[SourceTitle "EXT 1997"]
[Source "ChessBase"]
[SourceDate "1996.11.15"]
[SourceVersion "1"]
[SourceVersionDate "1996.11.15"]
[SourceQuality "1"]

1. d4 Nf6 2. c4 e6 3. Nc3 Bb4 4. Qc2 0-0 5. a3 Bxc3+ 6. Qxc3 b6 7. Bg5 c5 8. dxc5 bxc5 9. e3 a5 10. Bd3 a4 11. Ne2 Bb7 12. 0-0 d6 13. Rad1 Nbd7 14. f3 Ra6 15. Qc2 h6 16. Bh4 Qa8 17. Nc3 Rc8 18. Qe2 Ne8 19. Bg3 Ndf6 20. h3 Bc6 21. Rd2 Rb6 22. e4 Nh5 23. Bh2 e5 24. g3 Nhf6 25. f4 Qb7 26. g4 exf4 27. Bxf4 Qe7 28. Qg2 g5 29. Bh2 Rb3 30. Re2 Qe6 31. Qf2 Rd8 32. e5 dxe5 33. Rxe5 Nxg4 34. Rxe6 Nxf2 35. Rxc6 Nxd3 36. Rxh6 Kg7 37. Rh5 f6 38. h4 g4 39. Nd5 Rxb2 40. Rhf5 Rc2 1/2-1/2

[Event "Heraklion schev"]
[Site "Heraklion"]
[Date "1994.??.??"]
[Round "7"]
[White "Porfiriadis, Sotirios"]
[Black "Zysk, Robert"]
[Result "0-1"]
[WhiteElo "2325"]
[BlackElo "2445"]
[PlyCount "102"]
[EventDate "1994.??.??"]
[EventType "schev"]
[EventRounds "10"]
[EventCountry "GRE"]
[SourceTitle "EXT 1997"]
[Source "ChessBase"]
[SourceDate "1996.11.15"]
[SourceVersion "1"]
[SourceVersionDate "1996.11.15"]
[SourceQuality "1"]

1. e4 e6 2. d4 d5 3. Nd2 c5 4. exd5 exd5 5. Ngf3 Nf6 6. Bb5+ Bd7 7. Bxd7+ Nbxd7 8. 0-0 Be7 9. Re1 0-0 10. Nf1 Re8 11. dxc5 Nxc5 12. Be3 a6 13. c3 Rc8 14. Qc2 Qa5 15. a4 Ne6 16. Bd4 Nxd4 17. Nxd4 g6 18. Ne3 Bd6 19. Rad1 Bf4 20. Nef5 Qc7 21. g3 Be5 22. Ne3 Qd7 23. Kg2 Bb8 24. Qb3 Ba7 25. Rd3 Rcd8 26. Nf3 Kg7 27. Qd1 Re4 28. b3 Qc6 29. Kg1 Rde8 30. Nd4 Bxd4 31. cxd4 Ng4 32. Qd2 Qe6 33. Kg2 h5 34. h3 Nxe3+ 35. Rdxe3 h4 36. Rxe4 dxe4 37. d5 Qe5 38. d6 Rd8 39. Rd1 hxg3 40. fxg3 Qf6 41. Qd4 Qxd4 42. Rxd4 f5 43. Rb4 Rd7 44. g4 Kf6 45. gxf5 gxf5 46. h4 Ke5 47. h5 Rxd6 48. Rxb7 Kf4 49. Rg7 Rd2+ 50. Kg1 e3 51. h6 Rd1+ 0-1

[Event "Athens op"]
[Site "Athens"]
[Date "1993.??.??"]
[Round "4"]
[White "Porfiriadis, Sotirios"]
[Black "Ermenkov, Evgenij"]
[Result "0-1"]
[WhiteElo "2315"]
[BlackElo "2495"]
[PlyCount "78"]
[EventDate "1993.07.??"]
[EventType "swiss"]
[EventRounds "9"]
[EventCountry "GRE"]
[SourceTitle "TD"]
[Source "ChessBase"]
[SourceDate "1994.03.01"]
[SourceVersion "1"]
[SourceVersionDate "1994.03.01"]
[SourceQuality "1"]

1. d4 Nf6 2. c4 c5 3. d5 b5 4. cxb5 a6 5. b6 d6 6. Nc3 Nbd7 7. e4 Nxb6 8. a4 Rb8 9. Nf3 Nfd7 10. Be2 g6 11. 0-0 Bg7 12. Nd2 0-0 13. a5 Na8 14. Nc4 Nc7 15. Na4 Nb5 16. Nab6 Nxb6 17. Nxb6 Bd7 18. Rb1 Rxb6 19. axb6 Qxb6 20. Be3 Rb8 21. Bc4 a5 22. Bg5 Nd4 23. Re1 a4 24. f4 Qb4 25. Qd3 Kf8 26. f5 Be5 27. Bd2 Qb6 28. fxg6 hxg6 29. Rf1 Kg7 30. Bc3 Bb5 31. Bxb5 Qxb5 32. Qxb5 Rxb5 33. Kf2 Nb3 34. Bxe5+ dxe5 35. Rfd1 c4 36. d6 exd6 37. Rxd6 Nc5 38. Ke3 Rb3+ 39. Kd2 Nxe4+ 0-1

[Event "Heraklio Summer"]
[Site "Heraklion"]
[Date "1993.??.??"]
[Round "8"]
[White "Porfiriadis, Sotirios"]
[Black "Petraki, Maria"]
[Result "1-0"]
[WhiteElo "2320"]
[BlackElo "2045"]
[PlyCount "71"]
[EventDate "1993.??.??"]
[EventType "tourn"]
[EventRounds "9"]
[EventCountry "GRE"]
[EventCategory "4"]
[SourceTitle "EXT 1999"]
[Source "ChessBase"]
[SourceDate "1998.11.16"]
[SourceVersion "1"]
[SourceVersionDate "1998.11.16"]
[SourceQuality "1"]

1. d4 e6 2. c4 Nf6 3. Nf3 Bb4+ 4. Nbd2 b6 5. a3 Bxd2+ 6. Bxd2 Bb7 7. g3 d6 8. Bg2 Nbd7 9. 0-0 a5 10. b4 axb4 11. axb4 0-0 12. Qb3 Ne4 13. Be3 Qe7 14. Qb2 f5 15. Rxa8 Bxa8 16. Ne1 e5 17. Nd3 f4 18. gxf4 exf4 19. Bxf4 g5 20. Bc1 g4 21. d5 Ng5 22. Qd4 Nh3+ 23. Kh1 Qxe2 24. Bxh3 gxh3 25. Rg1+ Kf7 26. Qg7+ Ke8 27. Re1 Qxe1+ 28. Nxe1 Rxf2 29. Kg1 Rf7 30. Qh8+ Rf8 31. Qxh7 b5 32. Bh6 Rf7 33. Qh8+ Nf8 34. Bxf8 Rxf8 35. Qxh3 bxc4 36. Qc8+ 1-0

[Event "EU-Cup 06th round of 16"]
[Site "Solingen"]
[Date "1987.??.??"]
[Round "2.1"]
[White "Spassky, Boris Vasilievich"]
[Black "Porfiriadis, Sotirios"]
[Result "1/2-1/2"]
[WhiteElo "2570"]
[BlackElo "2335"]
[PlyCount "61"]
[EventDate "1987.??.??"]
[EventType "team-match"]
[EventRounds "2"]
[EventCountry "GER"]
[SourceTitle "EXT 2020"]
[Source "ChessBase"]
[SourceDate "2019.10.17"]
[SourceVersion "1"]
[SourceVersionDate "2019.10.17"]
[SourceQuality "1"]
[WhiteTeam "Solingen SG"]
[BlackTeam "Thessaloniki Enosis"]
[WhiteTeamCountry "GER"]
[BlackTeamCountry "GRE"]

1. e4 c5 2. Nc3 Nc6 3. g3 g6 4. Bg2 Bg7 5. d3 d6 6. Nge2 e6 7. 0-0 Nge7 8. Bg5 0-0 9. Qd2 Nd4 10. Nxd4 cxd4 11. Ne2 Rb8 12. c3 dxc3 13. bxc3 b6 14. a4 Qd7 15. Bh6 Bb7 16. Bxg7 Kxg7 17. f4 f6 18. g4 e5 19. h3 d5 20. fxe5 fxe5 21. Qg5 Qe6 22. Ng3 dxe4 23. Bxe4 Bxe4 24. dxe4 h6 25. Nh5+ Kh7 26. Nf6+ Kg7 27. Nh5+ Kh7 28. Rf6 Rxf6 29. Nxf6+ Kg7 30. Nh5+ Kh7 31. Nf6+ 1/2-1/2